Share Midas's Gold Quiz Stats

 Plays Quiz not verified by Sporcle

Score 0/12 Timer 05:00
0 Plays Today
% Correct
Est mihi nomen Midas.
91.4%
Rex sum Phrygiae.
91.2%
Salve, o alienigena!
85.7%
et nomen avi tui materni.
78.3%
Tibi multas gratias ago!
78%
Propter casum infelicem, omnia quae tango mutantur in aurum.
73.9%
Numeris receptis, ilico tibi remittam navem onustam lateribus aureis.
70.8%
Mihi gratum facies manus meas exonerans his rebus!
67%
et numeros chartularum fidei tuarum,
64.5%
et numerum chartulae largitionis senioribus publicae,
62.8%
Ergo transmitte mihi, sis, numerum rationis tuae in argentaria taberna,
60.3%
Cuius multa milia librarum mihi sunt hoc autem quasi vexatium onus deponere pervolo!
57.6%

You're not logged in!

Compare scores with friends on all Sporcle quizzes.
OR
Log In

Show Comments

Extras

Top Quizzes Today


Score Distribution

Your Account Isn't Verified!

In order to create a playlist on Sporcle, you need to verify the email address you used during registration. Go to your Sporcle Settings to finish the process.

Report this User

Report this user for behavior that violates our Community Guidelines.

Details: